Loading...
| History - World | 0 | 9 | 0 | 2 | 90 | 76 | 114.22 | 1 | 2 | 8.69 | 31.44 |
| History - European | 0 | 8 | 0 | 3 | 80 | 35 | 111.00 | 1 | 2 | 8.20 | 22.51 |
| History - Other | 0 | 5 | 1 | 2 | 45 | 54 | 114.20 | 0 | 1 | 3.89 | 14.86 |
| Science - Chemistry | 0 | 3 | 0 | 2 | 30 | 128 | 131.00 | 0 | 0 | 0.26 | 6.37 |
| Religion | 0 | 3 | 0 | 1 | 30 | 107 | 124.33 | 0 | 0 | 0.85 | 6.09 |
| Other Academic | 0 | 2 | 0 | 0 | 20 | 119 | 127.50 | 0 | 0 | 2.12 | 5.62 |
| Geography | 0 | 2 | 1 | 0 | 15 | 54 | 74.00 | 0 | 0 | 13.77 | 20.24 |
| Current Events | 0 | 1 | 0 | 0 | 10 | 59 | 59.00 | 0 | 1 | 5.79 | 8.33 |
| History - American | 0 | 1 | 0 | 0 | 10 | 127 | 127.00 | 0 | 0 | 1.03 | 1.53 |
| Philosophy | 0 | 1 | 0 | 0 | 10 | 141 | 141.00 | 0 | 0 | -0.04 | 1.02 |
| Science - Biology | 0 | 1 | 0 | 0 | 10 | 133 | 133.00 | 0 | 0 | 0.00 | 0.74 |
| Science - Other | 0 | 1 | 0 | 0 | 10 | 95 | 95.00 | 0 | 0 | 1.71 | 3.92 |
| Social Science | 0 | 1 | 0 | 0 | 10 | 110 | 110.00 | 0 | 0 | 0.79 | 3.53 |
| Literature - World | 0 | 1 | 0 | 1 | 10 | 141 | 141.00 | 0 | 0 | 0.00 | 0.49 |
| Literature - British | 0 | 0 | 0 | 0 | 0 | 0.00 | 0 | 0 | 0.00 | 0.00 | |
| Fine Arts - Other | 0 | 0 | 0 | 0 | 0 | 0.00 | 0 | 0 | 0.00 | 0.00 | |
| Fine Arts - Painting & Sculpture | 0 | 0 | 0 | 0 | 0 | 0.00 | 0 | 0 | 0.00 | 0.00 | |
| Fine Arts - Classical Music | 0 | 0 | 1 | 0 | -5 | 0.00 | 0 | 0 | 0.00 | 0.00 |